[Event "2LD 24/25,Rychnov n/Kn-Univerzita Brno"]
[Site ""]
[Date "2024.12.01"]
[Round "4.2"]
[White "Zdrazil, Jan"]
[Black "Kejna, Piotr"]
[WhiteElo "2054"]
[BlackElo "2249"]
[Result "0-1"]
[PlyCount "74"]

1. e4 c5 2. Nf3 d6 3. d4 cxd4 4. Nxd4 Nf6 5. Nc3 Nc6 6. Bc4 e5 7. Nf5 Be6 8.
Bb3 Nxe4 9. Bxe6 fxe6 10. Nxg7+ Bxg7 11. Qh5+ Kf8 12. Nxe4 d5 13. Bg5 Qe8 14.
Qxe8+ Rxe8 15. Nd6 Rb8 16. O-O h6 17. Be3 Ke7 18. Bc5 Kd7 19. Rad1 b6 20. Ba3
Bf8 21. Nb5 a6 22. Bxf8 axb5 23. Bg7 Rh7 24. Bf6 Ra8 25. a3 Ra4 26. g3 Rf7 27.
Bh4 Nd4 28. c3 Nf3+ 29. Kg2 Nxh4+ 30. gxh4 Rg4+ 31. Kh3 Rff4 32. f3 Rxh4+ 33.
Kg3 Rh5 34. Rfe1 Rg5+ 35. Kf2 Rgf5 36. Re3 e4 37. Rg1 Rxf3+ 0-1

[Event "2LD 24/25,Rychnov n/Kn-Univerzita Brno"]
[Site ""]
[Date "2024.12.01"]
[Round "4.3"]
[White "Horak, Jan"]
[Black "Kisa, Lubomir"]
[WhiteElo "2124"]
[BlackElo "2156"]
[Result "1-0"]
[PlyCount "89"]

1. e4 c6 2. d4 g6 3. g3 d5 4. e5 Bg7 5. Bg2 h5 6. Ne2 Bf5 7. Nd2 Na6 8. a3 Nc7
9. c4 e6 10. Qb3 Rb8 11. Nf1 g5 12. Ne3 Nh6 13. Bd2 Bg6 14. Rc1 Nf5 15. Ba5
Nxe3 16. fxe3 b6 17. Bb4 Bf8 18. cxd5 Bxb4+ 19. axb4 cxd5 20. Qa4+ Kf8 21. Qxa7
Nb5 22. Qa4 Bd3 23. Qd1 Bg6 24. Nc3 Nc7 25. O-O Kg7 26. Qd2 Qe7 27. b5 Qb4 28.
Qf2 Qe7 29. e4 Rbd8 30. exd5 exd5 31. Ra1 Bd3 32. Qf6+ Qxf6 33. Rxf6 Nxb5 34.
Nxb5 Bxb5 35. Ra7 Rhf8 36. Rxb6 Bd3 37. e6 Rc8 38. Bxd5 Rc1+ 39. Kf2 Rf1+ 40.
Ke3 Bg6 41. exf7 Re1+ 42. Kd2 Rf1 43. Ke2 Rc1 44. Rc6 Rb1 45. Rxg6+ 1-0

[Event "2LD 24/25,Rychnov n/Kn-Univerzita Brno"]
[Site ""]
[Date "2024.12.01"]
[Round "4.4"]
[White "Jelinek, Ota"]
[Black "Mik, Tomas"]
[WhiteElo "2091"]
[BlackElo "2072"]
[Result "1-0"]
[PlyCount "79"]

1. e4 e5 2. Nf3 Nc6 3. Bc4 Nf6 4. d3 Be7 5. Nc3 O-O 6. O-O d6 7. h3 Na5 8. Bb3
c5 9. Nd5 Nxb3 10. Nxe7+ Qxe7 11. axb3 h6 12. Qe2 b5 13. Nh2 Bb7 14. f4 Rfe8
15. Ng4 Nxg4 16. Qxg4 exf4 17. Bxf4 Qe6 18. Qg3 d5 19. e5 d4 20. Rae1 Qc6 21.
h4 Re6 22. h5 Rc8 23. Bc1 Qa6 24. Rf4 g5 25. Rf5 f6 26. exf6 Kf7 27. Ree5 c4
28. Bxg5 Qd6 29. Bxh6 Rxe5 30. Rxe5 Rg8 31. Re7+ Qxe7 32. Qxg8+ Kxg8 33. fxe7
Kf7 34. Bg5 cxd3 35. cxd3 b4 36. h6 Bc6 37. Kf2 Bb5 38. Ke2 Bd7 39. Kf3 Bf5 40.
Kf4 1-0

[Event "2LD 24/25,Rychnov n/Kn-Univerzita Brno"]
[Site ""]
[Date "2024.12.01"]
[Round "4.5"]
[White "Korenova, Martina"]
[Black "Ibrahim, Emad"]
[WhiteElo "2070"]
[BlackElo "2026"]
[Result "1/2-1/2"]
[PlyCount "55"]

1. e4 c5 2. d4 cxd4 3. c3 dxc3 4. Nxc3 Nc6 5. Nf3 d6 6. Bc4 a6 7. O-O Nf6 8. h3
e6 9. Qe2 Be7 10. Rd1 Qc7 11. a4 O-O 12. Bf4 Ne5 13. Ba2 Nxf3+ 14. Qxf3 Bd7 15.
Rd2 Bc6 16. Rad1 Rfd8 17. g4 b5 18. axb5 axb5 19. Bb1 b4 20. Ne2 e5 21. Be3 Qb7
22. Ng3 Ra1 23. g5 Rxb1 24. gxf6 Rxd1+ 25. Qxd1 Bxf6 26. Rxd6 Qc7 27. Rxd8+
Bxd8 28. Bc5 1/2-1/2

[Event "2LD 24/25,Rychnov n/Kn-Univerzita Brno"]
[Site ""]
[Date "2024.12.01"]
[Round "4.6"]
[White "Hladik, Josef"]
[Black "Zelbova, Lada"]
[WhiteElo "1998"]
[BlackElo "1903"]
[Result "0-1"]
[PlyCount "54"]

1. d4 d5 2. Nf3 Nf6 3. g3 c5 4. Bg2 Nc6 5. O-O e6 6. c4 dxc4 7. Qa4 Qa5 8. Qxc4
b5 9. Qc2 Nb4 10. Qd1 Bb7 11. dxc5 Bxc5 12. Nfd2 Bxg2 13. Kxg2 Qb6 14. Nc3 O-O
15. Nb3 Rfd8 16. Bd2 Qb7+ 17. Kg1 Bb6 18. a3 Nbd5 19. Qe1 Nxc3 20. Bxc3 Ne4 21.
Ba5 Ng5 22. h4 Rd3 23. Bxb6 Qxb6 24. Qb4 Rxg3+ 25. Kh2 Rh3+ 26. Kg2 Qc6+ 27. f3
Qc7 0-1

[Event "2LD 24/25,Rychnov n/Kn-Univerzita Brno"]
[Site ""]
[Date "2024.12.01"]
[Round "4.7"]
[White "Majocha, Piotr"]
[Black "Riha, Otmar"]
[WhiteElo "2039"]
[BlackElo "1927"]
[Result "1-0"]
[PlyCount "115"]

1. Nf3 Nf6 2. c4 e6 3. g3 d5 4. Bg2 c6 5. O-O Nbd7 6. d4 Bd6 7. Nc3 O-O 8. Nd2
Re8 9. e4 dxe4 10. Ndxe4 Nxe4 11. Nxe4 Bc7 12. f4 Nf6 13. Be3 Nxe4 14. Bxe4 Qe7
15. Qc2 h6 16. Rfe1 Bd7 17. c5 Rad8 18. b4 a6 19. Bd2 Qf8 20. Kh1 Kh8 21. Bc3
f6 22. Qb2 Re7 23. Re3 Be8 24. Rae1 Bf7 25. Bg2 Rde8 26. a4 Bb8 27. b5 axb5 28.
axb5 cxb5 29. Qxb5 Kh7 30. Bb4 Rd8 31. d5 e5 32. d6 Ree8 33. fxe5 Rxe5 34. Rxe5
fxe5 35. Rxe5 Bg6 36. Qxb7 Qf6 37. Qe7 Qxe7 38. Rxe7 Bf5 39. Bc3 Rd7 40. Rxd7
Bxd7 41. c6 Bxc6 42. Bxc6 Bxd6 43. Kg2 h5 44. Be4+ g6 45. Bf6 Kh6 46. h4 Bc7
47. Kf3 Bd6 48. Bc6 Bc7 49. Be8 Bd6 50. Bg5+ Kg7 51. Bf4 Be7 52. Ke4 Bd8 53.
Kd5 Be7 54. Ke6 Bd8 55. Bc6 Ba5 56. Be4 Bd8 57. Be5+ Kh6 58. Kf7 1-0

[Event "2LD 24/25,Rychnov n/Kn-Univerzita Brno"]
[Site ""]
[Date "2024.12.01"]
[Round "4.8"]
[White "Tvrdy, Radovan"]
[Black "Pavlicek, Miroslav"]
[WhiteElo "1814"]
[BlackElo "1964"]
[Result "0-1"]
[PlyCount "42"]

1. e4 Nf6 2. e5 Nd5 3. c4 Nb6 4. c5 Nd5 5. Bc4 e6 6. Nc3 Bxc5 7. Qg4 O-O 8. d4
f5 9. Qe2 Nxc3 10. bxc3 Be7 11. g4 b5 12. Bd3 Bb7 13. gxf5 Bxh1 14. fxe6 dxe6
15. f3 c6 16. Qe4 g6 17. Bh6 Rf7 18. Qg4 Rf5 19. f4 Qd5 20. Kf2 Be4 21. Be2 Rh5
 0-1

[Event "2LD 24/25,Univerzita Brno-Namest n/Osl B"]
[Site ""]
[Date "2024.12.15"]
[Round "5.1"]
[White "Gajdos, Daniel"]
[Black "Hladky, Tadeas"]
[WhiteElo "2124"]
[BlackElo "2093"]
[Result "1/2-1/2"]

1.Nf3 d5 2.g3 Nf6 3.Bg2 g6 4.b3 Bg7 5.Bb2 c5 6.c4 d4 7.b4 a5 8.bxc5 Ne4 9.Qa4+
Nc6 10.Qa3 O-O 11.O-O Nb4 12.Nxd4 Bxd4 13.Bxe4 e5 14.e3 Bxb2 15.Qxb2 f5 16.Bg2
Nd3 17.Qc3 e4 18.Na3 Bd7 19.f3 Bc6 20.fxe4 Bxe4 21.Bxe4 fxe4 22.Rxf8+ Qxf8 23.
Rf1 Qxc5 24.Qf6 Qxa3 25.Qe6+ Kh8 26.Qf6+ 1/2-1/2

[Event "2LD 24/25,Univerzita Brno-Namest n/Osl B"]
[Site ""]
[Date "2024.12.15"]
[Round "5.2"]
[White "Setina, Vaclav"]
[Black "Zdrazil, Jan"]
[WhiteElo "2046"]
[BlackElo "2054"]
[Result "1-0"]

1.d4 Nf6 2.c4 g6 3.Nf3 Bg7 4.g3 O-O 5.Bg2 d6 6.O-O Nbd7 7.Nc3 e5 8.e4 exd4 9.
Nxd4 Re8 10.Re1 Nc5 11.Rb1 Ng4 12.h3 Ne5 13.Bf1 Ned3 14.Bxd3 Bxd4 15.Bf1 Bxc3
16.bxc3 Nxe4 17.Bh6 Qf6 18.Qd4 Qxd4 19.cxd4 f5 20.c5 dxc5 21.f3 cxd4 22.fxe4
fxe4 23.Bg2 e3 24.Bxb7 Bf5 25.Bxa8 Rxa8 26.Rbc1 Rc8 27.g4 Be6 28.Rc6 Bxa2 29.
Rec1 g5 30.Rxc7 Rxc7 31.Rxc7 d3 32.Rg7+ Kh8 33.Rd7 d2 34.Rd8+ Bg8 35.Bxg5 1-0

[Event "2LD 24/25,Univerzita Brno-Namest n/Osl B"]
[Site ""]
[Date "2024.12.15"]
[Round "5.3"]
[White "Lakatos, Tomas"]
[Black "Miculka, Petr"]
[WhiteElo "2043"]
[BlackElo "1947"]
[Result "1-0"]

1.e4 c5 2.Bc4 e6 3.Nc3 Nc6 4.f4 Nge7 5.d3 d5 6.Bb3 a6 7.a4 g6 8.Nf3 Bg7 9.O-O
Nd4 10.Nxd4 cxd4 11.Ne2 O-O 12.Ng3 Qd6 13.Bd2 Bd7 14.Qe1 Nc6 15.Qf2 f5 16.e5
Qc5 17.h4 Rf7 18.Ne2 Bf8 19.Kh2 Be7 20.Ng1 Rg7 21.Nf3 h6 22.Rg1 Kf7 23.g4 Rag8
24.gxf5 gxf5 25.Rxg7+ Rxg7 26.Rg1 Rg4 27.h5 Be8 28.Rxg4 fxg4 29.Nh4 Kg7 30.f5
Nxe5 31.Qf4 Nf3+ 32.Nxf3 Qd6 33.f6+ Kg8 34.fxe7 Qxf4+ 35.Bxf4 gxf3 36.Bxh6 Bxh5
37.a5 Be8 38.Kg3 Kf7 39.Bg5 Kg6 40.Bf4 Kf5 41.Bd6 Bc6 42.Bc5 Kf6 43.Kxf3 e5
44.Kg4 Ke6 45.Kg5 Be8 46.Kh6 1-0

[Event "2LD 24/25,Univerzita Brno-Namest n/Osl B"]
[Site ""]
[Date "2024.12.15"]
[Round "5.4"]
[White "Soucek, Andrej"]
[Black "Kisa, Lubomir"]
[WhiteElo "2026"]
[BlackElo "2156"]
[Result "1/2-1/2"]

1.d4 d5 2.Nf3 c6 3.c4 Nf6 4.Nc3 e6 5.e3 Nbd7 6.Be2 Be7 7.O-O O-O 8.Qc2 dxc4 9.
Bxc4 b5 10.Bd3 Bb7 11.e4 b4 12.Na4 g6 13.Bh6 Re8 14.Rad1 Qa5 15.e5 Nd5 16.h4
Ba6 17.h5 Bxd3 18.Rxd3 b3 19.Qxb3 Rab8 20.Qd1 c5 21.hxg6 fxg6 22.dxc5 Nxc5 23.
Nxc5 Qxc5 24.Ng5 Bxg5 25.Bxg5 Rxb2 26.Qa4 Rf8 27.Rd2 Rb7 28.Qg4 Re8 29.Rd4 Rf7
30.Rc4 Qb6 31.Qd4 Qxd4 32.Rxd4 Rf5 33.f4 Kg7 34.g4 Rf7 35.f5 gxf5 36.gxf5 Rd7
37.fxe6 Rxe6 38.Bf6+ Kf8 39.Rfd1 Nxf6 40.Rxd7 Nxd7 41.Rxd7 Ra6 1/2-1/2

[Event "2LD 24/25,Univerzita Brno-Namest n/Osl B"]
[Site ""]
[Date "2024.12.15"]
[Round "5.5"]
[White "Svehla, Karel"]
[Black "Zezula, Matej"]
[WhiteElo "2085"]
[BlackElo "1852"]
[Result "1/2-1/2"]

1.e4 c5 2.Nf3 Nc6 3.d4 cxd4 4.Nxd4 Nf6 5.Nc3 d6 6.Bg5 e5 7.Ndb5 a6 8.Na3 b5 9.
Nd5 Be7 10.Bxf6 Bxf6 11.c4 b4 12.Nc2 Rb8 13.b3 O-O 14.Be2 Be6 15.Bg4 Be7 16.
O-O 1/2-1/2

[Event "2LD 24/25,Univerzita Brno-Namest n/Osl B"]
[Site ""]
[Date "2024.12.15"]
[Round "5.6"]
[White "Vojtech, Ladislav"]
[Black "Jelinek, Ota"]
[WhiteElo "1891"]
[BlackElo "2091"]
[Result "0-1"]

1.Nf3 f5 2.d4 Nf6 3.g3 g6 4.Bg2 Bg7 5.O-O O-O 6.c4 d6 7.Nc3 c6 8.b3 a5 9.Bb2
Na6 10.Rc1 Bd7 11.d5 Nc5 12.Nd4 Qb6 13.a3 Nfe4 14.Nxe4 Nxe4 15.Ba1 c5 16.Nf3 a4
17.Bxg7 Kxg7 18.Qc2 Qxb3 19.Rfd1 b5 20.Nd2 Qxc2 21.Rxc2 Nxd2 22.Rdxd2 Rab8
23.cxb5 Rxb5 24.e3 Rb1+ 0-1

[Event "2LD 24/25,Univerzita Brno-Namest n/Osl B"]
[Site ""]
[Date "2024.12.15"]
[Round "5.7"]
[White "Ibrahim, Emad"]
[Black "Hladky, Mikulas"]
[WhiteElo "2026"]
[BlackElo "1779"]
[Result "0-1"]

1.e4 c5 2.Nc3 d6 3.f4 Nf6 4.Nf3 e6 5.g3 a6 6.a4 b6 7.Bg2 Bb7 8.d3 Nc6 9.O-O Qc7
10.h3 Be7 11.g4 O-O-O 12.Qe2 Nd7 13.f5 g6 14.fxe6 fxe6 15.Bh6 Rhg8 16.Qd2 Nde5
17.Ng5 Bxg5 18.Bxg5 Rdf8 19.Bh6 Rf7 20.Ne2 Qe7 21.Bg5 Qf8 22.Rxf7 Nxf7 23.Bf6
Nce5 24.Rf1 Nd7 25.Bh4 g5 26.Bg3 e5 27.c3 Qe7 28.Qc2 Nf6 29.d4 h5 30. gxh5 Nxh5
31.Qb3 Nf4 32.Rf2 Kc7 33.Nxf4 gxf4 34.Bh4 Qe8 35.dxe5 Bxe4 36.exd6+ Nxd6 37.Kh1
Rxg2 38.Rxg2 Qg6 39.Qc2 Bxc2 40.Rxg6 Bxg6 41.Bg5 Be4+ 42.Kg1 f3 43.h4 Nc4 44.b4
Nb2 45.bxc5 bxc5 46.h5 Nxa4 47.Bd2 Nb2 48.h6 a5 49.Be3 Kc6 50. Kf2 a4 51.h7
Bxh7 52.Kxf3 a3 53.Bc1 Nc4 54.Bxa3 Nxa3 55.Ke3 Kb5 56.Ke2 Nb1 57. Kd1 Nxc3+
58.Kc1 Kb4 59.Kb2 Na4+ 60.Ka1 c4 0-1

[Event "2LD 24/25,Univerzita Brno-Namest n/Osl B"]
[Site ""]
[Date "2024.12.15"]
[Round "5.8"]
[White "Kotisa, Jan"]
[Black "Bakos, Eduard"]
[WhiteElo "1762"]
[BlackElo "2072"]
[Result "0-1"]

1.e4 c5 2.Nf3 d6 3.Bb5+ Bd7 4.Bxd7+ Qxd7 5.O-O Nc6 6.d4 cxd4 7.Nxd4 Nf6 8.Nc3
g6 9.Nxc6 Qxc6 10.Re1 Bg7 11.Nd5 e6 12.Nxf6+ Bxf6 13.c3 O-O 14.Bh6 Rfd8 15.Qd2
Rd7 16.Rad1 Rad8 17.Kh1 d5 18.e5 Be7 19.Qd4 Qc5 20.Be3 Qxd4 21.Bxd4 a6 22.Rd3
Rc8 23.Kg1 Rdc7 24.Kf1 b5 25.a3 Rc4 26.b4 Ra8 27.g3 a5 28.Kg2 axb4 29.axb4 Ra3
30.Red1 Kg7 31.f4 f6 32.h4 fxe5 33.fxe5 g5 34.hxg5 Bxg5 35.Rf3 Rc7 36.Rf2 Rf7
37.Rxf7+ Kxf7 38.Rf1+ Kg7 39.Rf2 Be7 40.Rf3 Ra2+ 41.Rf2 Rxf2+ 42.Kxf2 Kg6 43.
Kf3 h5 44.g4 hxg4+ 45.Kxg4 Bg5 46.Kf3 Kf5 47.Ke2 Ke4 48.Bc5 Bf4 49.Bf2 Bxe5
50.Be1 Bf4 51.Bf2 e5 52.Bc5 d4 53.cxd4 exd4 54.Be7 d3+ 55.Kd1 Kd4 56.Bc5+ Kc3
57.Be7 Be5 0-1

[Event "2LD 24/25,Jihlava A-Rychnov n/Kn"]
[Site ""]
[Date "2024.12.15"]
[Round "5.1"]
[White "Rybackova, Lucie"]
[Black "Sabuk, Piotr"]
[WhiteElo "2084"]
[BlackElo "2385"]
[Result "0-1"]
[PlyCount "58"]

1. d4 d5 2. Nf3 Nf6 3. g3 c5 4. Bg2 cxd4 5. O-O h6 6. Nxd4 e5 7. Nb3 Nc6 8. Nc3
Be6 9. Na4 b6 10. c4 Rc8 11. cxd5 Nxd5 12. Bd2 Be7 13. Nc3 Ncb4 14. Nxd5 Nxd5
15. Rc1 O-O 16. Rxc8 Qxc8 17. Qb1 Qa6 18. Nc1 Rd8 19. Nd3 Nf6 20. Bb4 Rxd3 21.
Bxe7 Rd7 22. Ba3 Qxe2 23. Re1 Qd2 24. b3 Bf5 25. Qa1 Ng4 26. Rf1 Bd3 27. Bh3
Bxf1 28. Bxg4 Qd4 29. Qxf1 Qxg4 0-1

[Event "2LD 24/25,Jihlava A-Rychnov n/Kn"]
[Site ""]
[Date "2024.12.15"]
[Round "5.2"]
[White "Horak, Jan"]
[Black "Sedlacek, Oldrich"]
[WhiteElo "2124"]
[BlackElo "2154"]
[Result "1/2-1/2"]
[PlyCount "84"]

1. d4 c6 2. c4 d5 3. e3 Nf6 4. Nc3 Bf5 5. Qb3 Bc8 6. Nf3 e6 7. Qc2 Nbd7 8. cxd5
exd5 9. Bd3 Bd6 10. O-O O-O 11. Rb1 Re8 12. b4 Qe7 13. b5 c5 14. Bf5 g6 15. Bh3
c4 16. Re1 Nb6 17. Bxc8 Raxc8 18. a4 Ne4 19. Bd2 f5 20. a5 Nxc3 21. Bxc3 Nd7
22. Red1 Qe4 23. Qxe4 fxe4 24. Nd2 Re6 25. Re1 g5 26. h3 h5 27. g3 Kf7 28. Kg2
Ke7 29. Re2 Rf8 30. Rf1 Nf6 31. Ra1 Kd7 32. Rb1 Ne8 33. Ra1 Rf7 34. Rf1 Ref6
35. Ra1 Rf3 36. Kg1 R3f6 37. Kg2 h4 38. g4 Rf8 39. Rf1 Nc7 40. Rb1 b6 41. a6
Rf3 42. Nf1 R3f7 1/2-1/2

[Event "2LD 24/25,Jihlava A-Rychnov n/Kn"]
[Site ""]
[Date "2024.12.15"]
[Round "5.3"]
[White "Kulovana, Eva"]
[Black "Mik, Tomas"]
[WhiteElo "2117"]
[BlackElo "2072"]
[Result "1/2-1/2"]
[PlyCount "104"]

1. e4 e5 2. Nf3 Nc6 3. Bb5 a6 4. Ba4 Nf6 5. O-O Be7 6. Bxc6 bxc6 7. Nxe5 Nxe4
8. Qe2 Nf6 9. Re1 Bb7 10. Nf3 c5 11. Nh4 Be4 12. d3 Bg6 13. Bg5 Rb8 14. Bxf6
gxf6 15. Nc3 Rb6 16. Nd5 Re6 17. Qg4 Bd6 18. f4 c6 19. Ne3 Qe7 20. Kf2 h5 21.
Qf3 f5 22. Nexf5 Bxf5 23. Nxf5 Qf8 24. Ng3 Qg7 25. c3 Qg4 26. f5 Bxg3+ 27. hxg3
Re7 28. Re4 Rxe4 29. Qxe4+ Qxe4 30. dxe4 Ke7 31. Rh1 Rb8 32. b3 c4 33. b4 a5
34. a3 axb4 35. axb4 Ra8 36. Rxh5 Ra3 37. g4 Rxc3 38. g5 Rc2+ 39. Kf3 c3 40.
Rh1 Rd2 41. Rc1 c2 42. g4 d5 43. exd5 cxd5 44. Ke3 Rg2 45. b5 Kd6 46. Kd3 Rxg4
47. Rxc2 Rxg5 48. Rc6+ Ke5 49. b6 Rg1 50. Kc2 Rg4 51. Kc3 Rg1 52. Kc2 Rg4
 1/2-1/2

[Event "2LD 24/25,Jihlava A-Rychnov n/Kn"]
[Site ""]
[Date "2024.12.15"]
[Round "5.4"]
[White "Korenova, Martina"]
[Black "Pavlis, Matej"]
[WhiteElo "2070"]
[BlackElo "1977"]
[Result "0-1"]
[PlyCount "80"]

1. e4 c6 2. d4 d5 3. exd5 cxd5 4. Nf3 Nc6 5. c3 Qc7 6. Na3 a6 7. Nc2 e6 8. g3
Bd6 9. Bg2 Nge7 10. Ne3 O-O 11. O-O b5 12. b3 a5 13. Re1 Ba6 14. Bb2 Rfc8 15.
Rc1 Qb8 16. Ng4 Ng6 17. Qe2 Ra7 18. Ng5 Re7 19. f4 Qa7 20. Qf2 h6 21. Nf3 Ree8
22. h4 Nce7 23. h5 Nf8 24. Ne3 Qb8 25. Nd2 Nh7 26. Rf1 Rf8 27. Kh1 f5 28. c4
bxc4 29. Rfd1 Nf6 30. Bf3 a4 31. Bc3 Ba3 32. Rb1 cxb3 33. Bb2 Bd6 34. axb3 Bd3
35. Ra1 axb3 36. Ba3 b2 37. Ra2 Bxa3 38. Rxa3 Ne4 39. Bxe4 Bxe4+ 40. Nxe4 b1=Q
 0-1

[Event "2LD 24/25,Jihlava A-Rychnov n/Kn"]
[Site ""]
[Date "2024.12.15"]
[Round "5.5"]
[White "Zednicek, Filip"]
[Black "Kroulik, Vaclav"]
[WhiteElo "2015"]
[BlackElo "1988"]
[Result "0-1"]
[PlyCount "66"]

1. e4 c5 2. c3 d5 3. exd5 Qxd5 4. d4 Nf6 5. Nf3 Bg4 6. Be2 e6 7. Na3 Nc6 8. O-O
cxd4 9. Nb5 Rc8 10. Nbxd4 Nxd4 11. Nxd4 Bxe2 12. Qxe2 Be7 13. Rd1 a6 14. Be3
O-O 15. Nf3 Qf5 16. h3 Nd5 17. Rd3 b5 18. g4 Qg6 19. Bd2 Bd6 20. Rd4 Qc2 21.
Qe4 Qxb2 22. Rb1 Qxa2 23. Ng5 Nf6 24. Qd3 Be5 25. Be3 Rxc3 26. Qf1 Rxe3 27.
Rdb4 Re2 28. Nf3 Bc3 29. R4b3 b4 30. Rxc3 bxc3 31. Rd1 Qb2 32. Rb1 Rb8 33. Qxe2
Qxb1+ 0-1

[Event "2LD 24/25,Jihlava A-Rychnov n/Kn"]
[Site ""]
[Date "2024.12.15"]
[Round "5.6"]
[White "Majocha, Piotr"]
[Black "Brychta, David"]
[WhiteElo "2039"]
[BlackElo "2124"]
[Result "1-0"]
[PlyCount "107"]

1. Nf3 Nf6 2. c4 g6 3. Nc3 d5 4. cxd5 Nxd5 5. g3 Bg7 6. Bg2 O-O 7. O-O c5 8. d4
cxd4 9. Nxd4 Nxc3 10. bxc3 Nd7 11. Ba3 Re8 12. Qb3 Qc7 13. Rac1 a6 14. Bd5 Ne5
15. c4 Rb8 16. c5 Bh3 17. Rfd1 e6 18. Be4 Red8 19. Qa4 Ng4 20. Nb3 Bh6 21. Rb1
Nf6 22. Bf3 Bf5 23. e4 Bg4 24. Bxg4 Nxg4 25. Qa5 Rxd1+ 26. Rxd1 Qc8 27. Bb2 Bg7
28. Bxg7 Kxg7 29. Qc3+ f6 30. Rd6 Ne5 31. f4 Nf7 32. Rd4 Qc7 33. Qd2 Rd8 34.
Kf2 Rxd4 35. Qxd4 h5 36. Kf3 e5 37. Qd5 Qc8 38. fxe5 Nxe5+ 39. Kg2 Qg4 40. Nd4
h4 41. Qxb7+ Kh6 42. Qa8 h3+ 43. Kf2 Kg7 44. Qb7+ Nf7 45. Nf3 Qe6 46. Qd5 Qc8
47. c6 Qb8 48. Qd7 Qb2+ 49. Nd2 Qb5 50. Ke1 Kf8 51. Qc8+ Ke7 52. Qb7+ Ke8 53.
Qa8+ Ke7 54. c7 1-0

[Event "2LD 24/25,Jihlava A-Rychnov n/Kn"]
[Site ""]
[Date "2024.12.15"]
[Round "5.7"]
[White "Rybacek, Martin"]
[Black "Zelba, Lukas"]
[WhiteElo "1873"]
[BlackElo "2024"]
[Result "1/2-1/2"]
[PlyCount "65"]

1. d4 d5 2. Nf3 e6 3. c4 c6 4. g3 dxc4 5. Bg2 b5 6. O-O Nf6 7. a4 Bb7 8. b3
cxb3 9. Qxb3 b4 10. a5 Na6 11. Be3 Bd6 12. Rc1 Rc8 13. Nbd2 O-O 14. Nc4 Nd5 15.
Bd2 Be7 16. Nfe5 c5 17. e3 cxd4 18. exd4 f6 19. Nd3 Bc6 20. Ne3 Qd7 21. Rab1
Nxe3 22. Bxc6 Rxc6 23. fxe3 Rxc1+ 24. Rxc1 Rc8 25. Rxc8+ Qxc8 26. Nxb4 Nxb4 27.
Bxb4 Bxb4 28. Qxb4 Qc1+ 29. Kf2 Qc2+ 30. Kf3 Qd1+ 31. Kf2 Qc2+ 32. Kf3 Qd1+ 33.
Kf2 1/2-1/2

[Event "2LD 24/25,Jihlava A-Rychnov n/Kn"]
[Site ""]
[Date "2024.12.15"]
[Round "5.8"]
[White "Pavlicek, Miroslav"]
[Black "Mirzoyan, Aram"]
[WhiteElo "1964"]
[BlackElo "1751"]
[Result "1-0"]
[PlyCount "45"]

1. c4 e5 2. Nc3 Nf6 3. g3 Be7 4. Bg2 O-O 5. Nf3 Nc6 6. O-O d5 7. cxd5 Nxd5 8.
Nxe5 Nxe5 9. Nxd5 Bd6 10. d4 Ng6 11. e4 c6 12. Nc3 Qb6 13. b3 Bb4 14. Bb2 Qa5
15. Qc2 Ba3 16. d5 Bd7 17. Qc1 Bxb2 18. Qxb2 cxd5 19. b4 Qd8 20. Nxd5 Bb5 21.
Rad1 Qg5 22. f4 Qh5 23. f5 1-0

[Event "2LD 24/25,Lanskroun-Namest n/Osl A"]
[Site ""]
[Date "2024.12.15"]
[Round "5.1"]
[White "Kupsa, Matej"]
[Black "Walek, Petr"]
[WhiteElo "2137"]
[BlackElo "2256"]
[Result "1/2-1/2"]
[PlyCount "104"]

1. d4 Nf6 2. c4 c5 3. d5 b5 4. cxb5 a6 5. bxa6 g6 6. Nc3 Bg7 7. e4 O-O 8. Nf3
Qa5 9. Bd2 Bxa6 10. Bxa6 Qxa6 11. a4 e6 12. dxe6 fxe6 13. Qe2 d5 14. exd5 exd5
15. Qxa6 Nxa6 16. O-O Nb4 17. Ne5 Nc2 18. Rac1 Nd4 19. Bg5 Ne4 20. Nxe4 dxe4
21. Nd7 Rf7 22. Nxc5 Ne2+ 23. Kh1 Nxc1 24. Bxc1 Bd4 25. Nxe4 Rxa4 26. g3 Ra1
27. Kg2 Rc7 28. Nc3 Bxc3 29. bxc3 Rxc3 30. Bb2 Rxf1 31. Bxc3 Rb1 32. Bd2 Kf7
33. h3 Ke6 34. Be3 Rb3 35. Bd4 Kf5 36. Be3 Ke4 37. Bc5 Rc3 38. Bb6 Rd3 39. Bc5
Rc3 40. Bb6 Ra3 41. Bc5 Rb3 42. Ba7 Rf3 43. Bb6 Rf7 44. Bc5 Kd3 45. Bb6 Ke2 46.
Bc5 g5 47. Bb6 h5 48. Bc5 h4 49. g4 Rf3 50. Bb6 Rf7 51. Bc5 Rf3 52. Bb6 Rf7
 1/2-1/2

[Event "2LD 24/25,Lanskroun-Namest n/Osl A"]
[Site ""]
[Date "2024.12.15"]
[Round "5.2"]
[White "Richterova, Natasa"]
[Black "Jirousek, Jan"]
[WhiteElo "2131"]
[BlackElo "2044"]
[Result "1/2-1/2"]
[PlyCount "86"]

1. e4 d6 2. d4 Nf6 3. Nc3 e5 4. dxe5 dxe5 5. Qxd8+ Kxd8 6. Bg5 c6 7. O-O-O+ Kc7
8. Bc4 Be6 9. Bxe6 fxe6 10. Bh4 Bb4 11. Nge2 Nbd7 12. a3 Bxc3 13. Nxc3 h6 14.
Rd2 g5 15. Bg3 Nh5 16. Rhd1 Rh7 17. f3 Nf4 18. Rf1 b5 19. Nd1 h5 20. Ne3 a5 21.
h4 gxh4 22. Bxh4 Ng6 23. Rh1 Nxh4 24. Rxh4 Rf8 25. Rd1 Rf4 26. Rh3 Nf8 27. Rdh1
h4 28. b4 Ng6 29. Rg3 Rf6 30. Rg5 Nf4 31. Rxe5 Rg6 32. Rh2 axb4 33. axb4 Kd6
34. Rc5 Rg3 35. Kd2 h3 36. gxh3 Rxf3 37. Ng4 Rhxh3 38. Rxh3 Rxh3 39. Ne5 Rh5
40. Nf7+ Ke7 41. Ne5 Kd6 42. Nf7+ Ke7 43. Ne5 Kd6 1/2-1/2

[Event "2LD 24/25,Lanskroun-Namest n/Osl A"]
[Site ""]
[Date "2024.12.15"]
[Round "5.3"]
[White "Pokorny, Tomas"]
[Black "Kratochvil, Vit"]
[WhiteElo "2192"]
[BlackElo "2232"]
[Result "1-0"]
[PlyCount "151"]

1. d4 Nf6 2. c4 g6 3. g3 Bg7 4. Bg2 O-O 5. Nc3 d6 6. Nf3 Bg4 7. h3 Bxf3 8. Bxf3
c6 9. e4 Nbd7 10. Be3 e5 11. d5 Qe7 12. Qd2 Nb6 13. b3 cxd5 14. cxd5 Nfd7 15.
O-O f5 16. Rac1 f4 17. Bxb6 axb6 18. Nb5 Rac8 19. Rxc8 Rxc8 20. Rc1 Rxc1+ 21.
Qxc1 fxg3 22. fxg3 Qf8 23. Kg2 Nc5 24. b4 Na6 25. a3 h5 26. Na7 h4 27. Qc8 hxg3
28. Bg4 Nc7 29. Qxf8+ Bxf8 30. Bc8 Bh6 31. Kxg3 Bc1 32. a4 Bd2 33. b5 Be3 34.
Bxb7 Ne8 35. Bc8 Kg7 36. Nc6 Nf6 37. Kf3 Bc5 38. a5 bxa5 39. Nxa5 Nh7 40. Ke2
Ng5 41. Kd3 Kf7 42. Nc4 Ke7 43. b6 Kd8 44. Bg4 Nh7 45. Be6 Ng5 46. b7 Kc7 47.
Bc8 Nf7 48. Na5 Nd8 49. Kc4 Ba7 50. Kb5 Bb6 51. Nc4 Ba7 52. Ka6 Bc5 53. Na5 Bb6
54. Nc4 Bc5 55. Kb5 Ba7 56. Ka5 Bc5 57. Ka6 Nf7 58. Na5 Nd8 59. Be6 g5 60. Bf5
Kb8 61. Bc8 Kc7 62. Nc4 Nf7 63. Nd2 Be3 64. Nf3 Nd8 65. Nh2 Bc5 66. Ng4 Kb8 67.
Nf6 Kc7 68. Ne8+ Kb8 69. Ng7 Nf7 70. Ne6 Be3 71. Kb5 g4 72. hxg4 Ng5 73. Nxg5
Bxg5 74. Kc6 Be7 75. Kd7 Bf8 76. g5 1-0

[Event "2LD 24/25,Lanskroun-Namest n/Osl A"]
[Site ""]
[Date "2024.12.15"]
[Round "5.4"]
[White "Zezula, Jakub"]
[Black "Duriancik, Michal"]
[WhiteElo "2115"]
[BlackElo "1926"]
[Result "1-0"]
[PlyCount "103"]

1. e4 c6 2. d4 d5 3. f3 Qb6 4. Nc3 dxe4 5. fxe4 e5 6. Nf3 Bg4 7. Bc4 f6 8. dxe5
Bc5 9. Rf1 Nd7 10. Bf7+ Kxf7 11. Ng5+ Ke8 12. Qxg4 Nxe5 13. Qg3 Ng6 14. Ne6 Kf7
15. Nxc5 Qxc5 16. Bd2 N8e7 17. O-O-O Qe5 18. Qf3 Rhe8 19. g4 Kg8 20. Ne2 Qe6
21. Kb1 Ne5 22. Qg2 Qxg4 23. Ng3 N7g6 24. Bc3 Rad8 25. Rde1 Rd7 26. h3 Qe6 27.
Nf5 Red8 28. b3 c5 29. h4 c4 30. h5 Nf8 31. Rg1 g6 32. hxg6 Nfxg6 33. Ref1 cxb3
34. axb3 Rc8 35. Bb2 Rcd8 36. Nh6+ Kg7 37. Nf5+ Kh8 38. Ne3 Rd2 39. Qg3 R2d7
40. Nd5 Rf7 41. Rh1 Rg8 42. Qh2 Rgg7 43. Qd2 Ne7 44. Nf4 Qd7 45. Qe1 Qc6 46.
Qe2 N7g6 47. Nd5 Qe6 48. Qd2 f5 49. Nf4 Nxf4 50. Qxf4 Re7 51. exf5 Qf6 52. Re1
 1-0

[Event "2LD 24/25,Lanskroun-Namest n/Osl A"]
[Site ""]
[Date "2024.12.15"]
[Round "5.5"]
[White "Beil, Zdenek"]
[Black "Mrazik, Tomas"]
[WhiteElo "2175"]
[BlackElo "1940"]
[Result "1/2-1/2"]
[PlyCount "104"]

1. d4 Nf6 2. c4 g6 3. Nf3 Bg7 4. g3 d6 5. Bg2 O-O 6. O-O Nc6 7. Nc3 Bf5 8. b3
a5 9. Bb2 e5 10. dxe5 dxe5 11. Qxd8 Rfxd8 12. Nb5 Ne8 13. Rfd1 a4 14. Ne1 Bg4
15. Kf1 Rxd1 16. Rxd1 axb3 17. axb3 Ra2 18. Rd2 e4 19. Bc3 Rxd2 20. Bxd2 Bf5
21. Nc2 Be5 22. Ne3 h5 23. Nxf5 gxf5 24. f3 h4 25. gxh4 exf3 26. exf3 Bxh2 27.
f4 Bg3 28. h5 Nf6 29. Nxc7 Nxh5 30. Nd5 Nd4 31. b4 Bh4 32. Be3 Nc2 33. Bf2 Ng3+
34. Bxg3 Bxg3 35. Ke2 Nd4+ 36. Kd3 Bf2 37. c5 Ne6 38. Bh3 Nd4 39. Ne7+ Kf8 40.
Nc8 Ne6 41. Bxf5 Nxf4+ 42. Kc4 Ne2 43. Be4 Ke8 44. Bxb7 Kd7 45. Nd6 Kc7 46. Bd5
Nd4 47. Bxf7 Nc6 48. b5 Ne5+ 49. Kd5 Nd7 50. Ne4 Be3 51. Be6 Nxc5 52. Nxc5 Kb6
 1/2-1/2